| 000 | 00631nam a2200181 i 4500 | ||
|---|---|---|---|
| 001 | 167047 | ||
| 003 | ES-MaACL | ||
| 005 | 20250930063148.0 | ||
| 008 | 931025s1889 sp |||| | spa d | ||
| 100 | 1 |
_aVázquez Prada, Manuel, _dm. 1904 _9166759 |
|
| 245 | 1 | 0 |
_aLucubraciones algebraicas _b: parte segunda : ecuaciones : suplemento, continuación ... / _cpor Manuel Vázquez Prada. |
| 260 |
_aOviedo : _b[s.n.], _c1889 ( _fImp. de E. Uria) |
||
| 300 |
_a22 p. ; _c21 cm. |
||
| 650 | 7 |
_aÁlgebra _2embne _99720 |
|
| 650 | 4 |
_aEcuaciones. _9135950 |
|
| 852 |
_aES-MaACL _jF-5060(7) _z- Enc. hol. |
||
| 999 |
_c167047 _d167047 |
||